FAES Sallent, 25 anys (1972-1997) / textos: Josep Òrrit i Pujol, Antoni García i Pregones ; selecció de fotografies: Antoni García i Pregonés Josep Òrrit i Pujol, Antoni García i Pregones ; selecció de fotografies:
Descripción Física:
67 p. : principalment il. ; 16 x 22 cm
MARC
| LEADER | 00000nam a2200000Ia 4500 | ||
|---|---|---|---|
| 001 | 12135 | ||
| 008 | 160829s9999 xx 000 0 cat d | ||
| 080 | |a H-1-242 | ||
| 100 | |a Òrrit i Pujol, Josep |9 25250 | ||
| 245 | |a FAES Sallent, 25 anys (1972-1997) / textos: |b Josep Òrrit i Pujol, Antoni García i Pregones ; selecció de fotografies: |b Antoni García i Pregonés | ||
| 260 | |a Barcelona : |b Viena, DL 1997 | ||
| 300 | |a 67 p. : |b principalment il. ; |c 16 x 22 cm | ||
| 590 | |a Amb la col·laboració de l'Exm. Ajuntament de Sallent, Regidoria de Cultura ; Diputació de Barcelona | ||
| 650 | |a Foment Arqueològic Excursionista Sallentí |9 25251 | ||
| 700 | |a García i Pregonés, Antoni |9 25252 | ||
| 700 | |a Sallent. Regidoria de Cultura |9 25253 | ||
| 710 | 1 | |a Barcelona (Catalunya : Província). |b Diputació |9 52408 | |
| 901 | |a Arxiu | ||
| 942 | |n 1 | ||
| 952 | |0 0 |1 0 |4 0 |6 H1242 |7 1 |9 43523 |a Arxiu |b Arxiu |d 2016-12-01 |l 0 |o H-1-242 |p 12135 |r 2016-12-01 00:00:00 |w 2016-12-01 |y ARXIU | ||
| 999 | |c 46069 |d 46069 | ||